Guitars used by Guitarist - Statistics

General Stats
  • This quiz has been taken 362 times
  • The average score is 8 of 18
Answer Stats
Hint Answer % Correct
Jimi Hendrix Fender Stratocaster
97%
Jimmy Page Gibson Les Paul
90%
Tony Iommi Gibson SG
79%
B.B. King Gibson ES345
71%
Keith Richards Fender Telecaster
69%
Kirk Hammett ESP
57%
Joe Satriani Ibanez
53%
Albert King Gibson Flying V
50%
Randy Rhoads Jackson
43%
Dave Mustaine Jackson
39%
John Petrucci Music Man
39%
Wes Montgomery Gibson L5
32%
Johnny Cash Martin
25%
Dave Navarro PRS
20%
Peter Buck Rickenbacker
13%
Jason Mraz Taylor
11%
Jerry Cantrell G&L
8%
Garth Brooks Takamine
7%
No matching quizzes found
Score Distribution
Percent of People with Each Score
Percentile by Number Answered
Your Score History
You have not taken this quiz